|
|
|
|
| LEADER |
00000nam a2200000Ia 4500 |
| 008 |
180905b1999 cr ||||| |||| 00| | spa d |
| 999 |
|
|
|c 2309
|d 2309
|
| 090 |
|
|
|a 18.09.01
|b 353
|
| 110 |
|
|
|9 545
|a Costa Rica. Ministerio de Educación Pública
|
| 245 |
1 |
4 |
|a Informe nacional de resultados prueba diagnóstica de primer ingreso /
|c Ministerio de Educación Pública
|
| 260 |
|
|
|a San José, Costa Rica :
|b El Ministerio,
|c 1999
|
| 300 |
|
|
|a 46 páginas
|
| 650 |
1 |
4 |
|a INFORMES
|9 267
|
| 650 |
1 |
4 |
|a EDUCACIÓN PRIMARIA
|9 367
|
| 650 |
1 |
4 |
|a APRENDIZAJE
|9 387
|
| 650 |
1 |
4 |
|a PRUEBAS
|9 629
|
| 650 |
1 |
4 |
|a DIAGNÓSTICO
|9 632
|
| 650 |
1 |
4 |
|a DATOS ESTADÍSTICOS
|9 452
|
| 942 |
|
|
|i 00353
|h 18.09.01 353
|2 z
|c 01
|